| 000 | 00542cam a2200205ua 4500 | ||
|---|---|---|---|
| 020 | _c2.00 | ||
| 041 |
_amal _h |
||
| 082 |
_a894.812308 _bACH/PU |
||
| 100 | _aAchuthan Pillai, Aymanam . | ||
| 245 |
_aPuthariyankam / _cAymanam Achuthan Pillai. _hTextual Documents |
||
| 250 |
_a1 / _b. |
||
| 260 |
_aKottayam : _bVidyarthi Mithram Book Depo , _c1965. |
||
| 300 | _a143 ; . | ||
| 365 | _a2.00 | ||
| 440 | 0 |
_aVadakkan Kathakal, _v4 _x; |
|
| 490 | 0 |
_aVadakkan Kathakal, _v4 _x; |
|
| 504 | _a | ||
| 942 | _cBK | ||
| 999 |
_c4239 _d4239 |
||